000 00676nam a2200241Ia 4500
003 OSt
005 20220918210420.0
006 a|||||r|||| 00| 0
007 ta
008 220917b |||||||| |||| 00| 0 eng d
024 _a120,388
037 _cTextual
040 _aARTS
_cARTS
_beng
041 _2eng
_aeng
082 _aV73:3(X:326).N7, L8
100 _aDe Brunhoff Suzanne
_9118129
245 0 _aState, capital and economics policy, tr by Mike Sonenscher
260 _aLondon
_bPluto Press
_c1978
300 _a152p.
_ccm.
650 _aHISTORY
942 _hV73:3(X:326).N7, L8
_cTEXL
_2CC
999 _c243646
_d243646